Quizzes
Events
Quiz Creation
Community
Videos
Private Events
Remove Ads
Sign In
Join for FREE
Feedback
Dark Mode
Quiz Categories
Sports
Geography
Music
Movies
Television
Just For Fun
Miscellaneous
History
Literature
Language
Science
Gaming
Entertainment
Religion
Holiday
For Kids
Quiz Lab
Recent
Popular Today
Quiz Kudos Today
Editor Picks
Curator Picks
Quizzes by...
Day
Popularity
Type
Ratings
Length
Year
Community
Subscriptions
Recent Discussions
Orange Saloon
Badges
Playlists
Quests
Create
Leaderboards
Showdown
Live 5
Trivia Bingo
Activity
Puzzle Library
Sporcle Events
Private Events
Virtual Trivia
Globe League
Become a Host
Pub Owners
SporcleCon
Opinionation
Our Games
Videos
Blog
Mobile Apps
Partnerships
Remove Ads and Go Orange
Feedback
Language
Vocabulary
Begins and Ends
Definition
Spanish
French
German
Italian
Chinese
Latin
Translation
Japanese
Language
Vocabulary
Begins and Ends
Definition
Spanish
French
German
Italian
Chinese
Latin
Translation
Japanese
Random Quiz
Search Sporcle
×
Quiz Lab
Quiz Lab
Language
Letter
Type in answers that appear in a list
Type in answers that appear in a list
Classic
Best Score? Go Orange.
Last Three Letters Stats
Can you name the mystery words?
By
markebson
5m
30 Questions
124 Plays
124 Plays
124 Plays
Comments
Comments
Give Quiz Kudos
Give Quiz Kudos
-
- Ratings
hide this ad
More Info
Replay
Link that replays current quiz
Next Quiz
Link to next quiz in quiz playlist
You Got
0%
They Got
Avg Score
58%
Avg Friend Score
Upgrade to see
Score Distribution
Jump to the score distribution portion of the page
Score
0/30
Timer
05:00
0
Plays Today
Clue
Word
% Correct
Five-
cent coin
Nickel
87.1%
Temperature scale used by scientists
Kelvin
85.5%
To rinse with liquid in the back of the throat
Gargle
83.9%
Acidic liquid used in cooking
Vinegar
82.3%
You can have one to get in the movies, or for driving too fast
Ticket
78.2%
To make longer
Lengthen
74.2%
Jaw
Mandible
70.2%
Get a shirt with a higher neckline to cover this up, or a lower one to show it
Cleavage
70.2%
Representative, or a spy, perhaps
Agent
69.4%
Secluded narrow valley
Glen
66.1%
Minion, right-
hand man
Henchman
64.5%
Low rolling sound; thunder, perhaps
Rumble
62.9%
Reluctant
Hesitant
62.1%
Based on ions
Ionic
61.3%
Imperfection (plural)
Blemishes
60.5%
Clue
Word
% Correct
Average, ordinary
Normal
58.9%
For grinding food
Blender
58.9%
Favorite Sporcle country bordering Kyrgyzstan
Kazakhstan
57.3%
Percussion instrument that can change pitch
Kettledrum
56.5%
Narrow strip of land connecting two larger land areas
Isthmus
54.8%
Strength, power
Muscle
54%
Unbalanced or inadequate intake of nutrients
Malnutrition
50.8%
Enemy
Antagonist
46.8%
In conjunction with each other
Tandem
40.3%
Outward manner
Demeanor
36.3%
Amusing, enjoyable
Entertaining
33.9%
Eager, excited
Enthusiastic
33.1%
Disease, illness
Ailment
33.1%
To impede progress
Derail
31.5%
Clever
Ingenious
26.6%
Quiz Playlist
Details
Report
Send in Message
Add To Playlist
More Info:
Each word starts with the last three letters of the previous word.
Classic:
Type in answers that appear in a list
Quiz Source
Last Updated: Feb 16, 2017
Quiz Scoreboard
CHALLENGE
Sign Up to Join the Scoreboard
Show All
Scores
Hide
Comments
May contain spoilers
Recently Published
An Introduction to Baseball
by treessimontrees
Sports
5m
Movies - When Are They Set?
by FPL_Elf
Movies
5m
Popular People in 1961
by mucciniale
History
6m
More to Explore
Quiz From the Vault
Featured Blog Post
Where Did the Easter Bunny Come From?
hide this ad
You Might Also Like...
Tags
Letter Quiz
last
Mystery
three
Today's Top Quizzes in Language
Browse Language
hide this ad
Today's Top Quizzes in Letter
Browse Letter
Top Contributed Quizzes in Language
1
1-10 Letter F Words III
2
Order Up: Top 10 Most Native Spoken Languages
3
1-10 Letter G Words III
4
1-10 Letter H Words III
5
One Thing in Common: Italy
6
1-10 Letter I Words III
7
Weisst du, aus welchen Sprachen diese Wörter stammen?
8
1-10 Letter J Words III
9
Begins and Ends With AN
10
Hiragana Speed Reading
Explore More
Trending Topics
Crossword
NBA
Marvel
Anime
Kpop
Harry Potter
Disney
Pokémon
NFL
Puzzle
Country
Song
The Office
WWE
Soccer
hide this ad
More By:
markebson
Quiz
Plays
Rating
Category
Featured
Created
Math with Words
2,545
3.05
Just For Fun
Jul 7, 2010
The Cube Challenges
1,544
Television
Aug 16, 2011
Add, Subtract, or Change One Letter
1,067
2.50
Miscellaneous
Oct 4, 2009
Who Wants to be a Millionaire?
953
2.80
Miscellaneous
Jul 19, 2010
Clichés, in Other Words
134
3.67
Language
Aug 17, 2011
Go to Creator's Profile
Score Distribution
Quiz Creator Spotlight
markebson
Follow
Send a Message
Quizzes Created
-
Created Quiz Play Count
-
More By This Creator
Popular Quizzes Today
1
Find the Countries of Europe - No Outlines Minefield
2
Find the US States - No Outlines Minefield
3
The Countries of the World
4
Popular People in 1961
5
US States
6
1-10 Letter E Words III
7
Find the US States
8
One Thing in Common: World Cities II
More Language Quizzes
Rhymes with 'Norse' (Blitz)
Published
Trending Quizzes
Risky Map Clicking: Least Populous States A-Z
1-10 Letter F Words
1-10 Letter G Words
One Thing in Common: United Kingdom
Risky Map Clicking: Next State Alphabetically
Recently Updated
Leaping Animals
pecheneg
Reality TV Shows (A-Z)
bhenderson79
Rickey Henderson's Hall of Fame Teammates
pecheneg
Champions League XIs: Arsenal
pecheneg
Quick Pick: Celebrities in WWE's Hall of Fame
aduchscher
A-Z Keypad Blitz II
pecheneg
Multiple Oscar Actors
pecheneg
Mystery Phrase Blitz: Oscar 'Best Actors'
pecheneg
F. Scott Fitzgerald Novels
LTH
Pick 3 Villains
ddd62291
Trending Topics
Marvel
Crossword
Kpop
Harry Potter
NBA
Anime
Disney
NFL
Puzzle
WWE
Soccer
Pokémon
The Office
Country
Song
Your Account Isn't Verified!
In order to create a playlist on Sporcle, you need to verify the email address you used during registration. Go to your
Sporcle Settings
to finish the process.
Report this User
Report this user for behavior that violates our
Community Guidelines
.
Details:
Send Report
Go to the Sporcle.com Mobile Site →
Comments